Normal view
MARC view
Entry Personal Name
001 - CONTROL NUMBER
- control field: 25749
003 - CONTROL NUMBER IDENTIFIER
- control field: OSt
005 - DATE AND TIME OF LATEST TRANSACTION
- control field: 20230612141757.0
008 - FIXED-LENGTH DATA ELEMENTS
- fixed length control field: 230612|| aca||aabn | a|a d
040 ## - CATALOGING SOURCE
- Original cataloging agency: OSt
- Transcribing agency: OSt
100 ## - HEADING--PERSONAL NAME
- Personal name: ၼေႃႇၶမ်း(မိူင်းၵိုင်)၊
- Titles and other words associated with a name: ၸဝ်ႈ။
670 ## - SOURCE DATA FOUND
- Source citation: Work cat.: (OSt): ၼေႃႇၶမ်း(မိူင်းၵိုင်)၊ ၸဝ်ႈ။, ၸိၼတ်ႉထပၵႃႇသၼီႇလင်ႇၵႃႇလူင်(သိူၵ်ႈပိုၼ်းၽြႃးပဵၼ်ၸဝ်ႈၵေႃးတမ) /, 2013 ။